Biblioteca y Centro de Documentación

Una nueva generación de trabajadores autónomos en la empresa. El Gruppo di Lavoro y sus iniciativas (Registro nro. 47241)

Detalles MARC
000 -CABECERA
Longitud fija campo de control 01283naa a2200301 c 4500
001 - NÚMERO DE CONTROL
Número de control 47241
003 - IDENTIFICADOR DE NÚMERO DE CONTROL
Identificador del número de control ES-MaCES
005 - FECHA Y HORA DE LA ÚLTIMA TRANSACCIÓN
Fecha y hora de la última transacción 20160328142607.0
008 - CAMPO FIJO DE DESCRIPCIÓN FIJA--INFORMACIÓN GENERAL
Códigos de información de longitud fija   160328s2016 sp ||||| t||||||| ||spa d
040 ## - FUENTE DE CATALOGACIÓN
Centro catalogador de origen ES-MaCES
Lengua de catalogación spa
Centro transcriptor ES-MaCES
Centro modificado ES-MaCES
100 1# - ENCABEZAMIENTO PRINCIPAL--NOMBRE PERSONAL
9 (RLIN) 36582
Nombre de persona Fernández Sánchez, Sonia
245 14 - MENCIÓN DE TÍTULO
Título Una nueva generación de trabajadores autónomos en la empresa. El Gruppo di Lavoro y sus iniciativas
Resto del título : las nuevas relaciones sindicales y la empresa en red. El segundo welfare
Mención de responsabilidad, etc. Sonia Fernández Sánchez
650 #4 - ASIENTO SECUNDARIO DE MATERIA--TÉRMINO DE MATERIA
9 (RLIN) 30170
Término de materia o nombre geográfico como elemento inicial trabajo a cuenta propia
650 #4 - ASIENTO SECUNDARIO DE MATERIA--TÉRMINO DE MATERIA
9 (RLIN) 28412
Término de materia o nombre geográfico como elemento inicial trabajador independiente
650 #4 - ASIENTO SECUNDARIO DE MATERIA--TÉRMINO DE MATERIA
9 (RLIN) 28187
Término de materia o nombre geográfico como elemento inicial empleador
650 #4 - ASIENTO SECUNDARIO DE MATERIA--TÉRMINO DE MATERIA
9 (RLIN) 28369
Término de materia o nombre geográfico como elemento inicial relaciones laborales
650 #4 - ASIENTO SECUNDARIO DE MATERIA--TÉRMINO DE MATERIA
9 (RLIN) 29470
Término de materia o nombre geográfico como elemento inicial derechos sindicales
650 #4 - ASIENTO SECUNDARIO DE MATERIA--TÉRMINO DE MATERIA
9 (RLIN) 27029
Término de materia o nombre geográfico como elemento inicial política social
650 #4 - ASIENTO SECUNDARIO DE MATERIA--TÉRMINO DE MATERIA
9 (RLIN) 29481
Término de materia o nombre geográfico como elemento inicial Estado-Benefactor
650 #4 - ASIENTO SECUNDARIO DE MATERIA--TÉRMINO DE MATERIA
9 (RLIN) 29351
Término de materia o nombre geográfico como elemento inicial derecho al trabajo
650 #4 - ASIENTO SECUNDARIO DE MATERIA--TÉRMINO DE MATERIA
9 (RLIN) 27166
Término de materia o nombre geográfico como elemento inicial legislación del trabajo
650 #4 - ASIENTO SECUNDARIO DE MATERIA--TÉRMINO DE MATERIA
9 (RLIN) 29855
Término de materia o nombre geográfico como elemento inicial legislación de seguridad social
650 #4 - ASIENTO SECUNDARIO DE MATERIA--TÉRMINO DE MATERIA
9 (RLIN) 26952
Término de materia o nombre geográfico como elemento inicial Italia
653 10 - TÉRMINO DE INDEXACIÓN--NO CONTROLADO
Término no controlado Derecho del trabajo y Seguridad Social
773 0# - ENTRADA DE DOCUMENTO FUENTE
Itemnumber del ítem fuente 84225
Lugar, editor y fecha de publicación Las Rozas, Madrid Wolters Kluwer España 2015-
Otro identificador del documento 087127
Título Trabajo y derecho
Número de control del registro relacionado (ES-MaCES)45892
Parte(s) relacionada(s) n. 15 (marzo 2016) {55/1129 R. 087127} ;p. 116-122
902 ## - CES. TIPO DE DOCUMENTO
Tipodoc (006$c Sirtex) ART Artículo de revista
942 ## - ELEMENTOS KOHA
Fuente de clasificaión o esquema Clasificación propia del CES
Koha [por defecto] tipo de item Artículos (1982-2017)
Parte de clasificación Derecho del Trabajo y Seguridad Social

No hay ítems disponibles.

© CES, Consejo Económico y Social de España 2021